000
00268nam a22001217a 4500
008
171127b xxu||||| |||| 00| 0 eng d
041
_a
eng
080
_a
7
100
_a
45
101
_a
ART
245
_a
'THE ARTS AND SCIENCES UNITED'
_c
WEDGWOOD,J
942
_2
udc
_c
BK
999
_c
38570
_d
38570